[Event "Paris GCT 2018-Blitz"]
[Site "Paris"]
[Date "2018.06.24"]
[Round "17"]
[White "Aronian, Levon"]
[Black "Karjakin, Sergey"]
[Result "1/2-1/2"]
[WhiteElo "2764"]
[BlackElo "2782"]
[Annotator "TA"]
[PlyCount "120"]
[EventDate "2018.06.23"]
[EventType "tourn"]
[EventCountry "FRA"]
[SourceTitle "playchess.com"]
[Source "ChessBase"]
[SourceQuality "1"]

{[%evp 20,120,20,0,19,6,11,18,19,22,47,20,58,39,29,22,29,35,25,37,26,47,59,75,57,55,69,47,68,69,69,63,58,58,67,48,48,48,66,35,62,58,74,52,52,62,62,47,65,65,71,15,65,65,114,122,151,149,183,175,174,147,120,0,152,125,132,115,120,133,133,72,166,93,64,0,0,0,0,0,8,8,15,15,14,14,10,8,20,0,0,0,8,8,8,8,8,8,8,8,10,0,0]} 1. e4 e5 2. Nf3 Nc6 3. Bc4 Bc5 4. d3 Nf6 5. O-O d6 6. c3 a6 7. Re1 {C54: Italienische Partie (Hauptvariante)} (7. a4 h6 8. Nbd2 O-O 9. Re1 Re8 10. h3 Be6 11. Bxe6 Rxe6 12. b4 Ba7 13. Qc2 Qd7 14. Nf1 d5 15. Bd2 Rae8 {1-0 (26) Aronian,L (2764)-Mamedyarov,S (2808) Stavanger 2018}) 7... h6 8. Bb3 O-O 9. h3 Re8 10. Nbd2 Be6 11. Bc2 {LiveBook: 44 Partien} d5 12. exd5 Qxd5 13. b4 {[#]} Bf8 $146 ({Vorgänger:} 13... Ba7 14. a3 Bf5 15. Ne4 Nxe4 16. dxe4 Qxd1 17. Bxd1 {0-1 (51) Lagarde,M (2594)-Matlakov,M (2701) Caleta 2017}) 14. a4 b5 15. Qe2 Rad8 16. axb5 (16. Ne4 {feels hotter.} Nxe4 17. dxe4 Qc4 18. Qxc4 Bxc4 19. Be3) 16... axb5 17. Ne4 Nxe4 18. dxe4 Qc4 19. Qxc4 Bxc4 20. Be3 Bd6 21. Nd2 Be6 22. Red1 Ra8 23. Bd3 Rxa1 24. Rxa1 Rb8 25. Ra3 f6 26. Kf1 Kf7 27. Ke2 h5 28. h4 Ke8 29. f3 Bf7 30. Kd1 (30. Ra6 {looks sharper.} Nd8 31. g3 Be6 32. f4 Bc8 33. Ra5) 30... Nd8 31. Nb3 (31. Ra6 {keeps more tension.} Kd7 32. Kc2 Nc6 33. Kb2 Be6 34. g3) 31... Bxb3+ 32. Rxb3 Ne6 33. Kc2 Rb7 34. Bf1 Ke7 35. g3 (35. Ra3 $16) 35... g6 36. Bh3 c6 37. Ra3 Nc7 38. Kb3 Ke8 39. Ra1 {Schwarz muss nun Td1 beachten.} Ke7 40. Ba7 Ne6 41. Be3 Nc7 42. g4 hxg4 43. fxg4 Ne6 44. g5 fxg5 45. hxg5 Nf4 (45... Rc7 $16) 46. Bc8 (46. Bg4 $18) 46... Rc7 $16 47. Ra8 (47. Ba6 $14) 47... c5 $11 {Die Stellung ist ausgeglichen.} 48. Ba6 cxb4 49. cxb4 Rc4 50. Ra7+ Kf8 $1 51. Bd2 Rxe4 52. Bxb5 Ne6 53. Bc4 Nd4+ 54. Kb2 Nc6 55. Bd5 Rd4 56. Bxc6 Rxd2+ 57. Kc3 Rd4 58. b5 Bb4+ 59. Kb3 {Droht b6 und aus.} Bc5 60. Rd7 Rxd7 {Precision: Weiß = 57%, Schwarz = 51%.} 1/2-1/2

[Event "Paris GCT 2018-Blitz"]
[Site "Paris"]
[Date "2018.06.24"]
[Round "17"]
[White "Anand, Viswanathan"]
[Black "Kramnik, Vladimir"]
[Result "1/2-1/2"]
[WhiteElo "2759"]
[BlackElo "2787"]
[Annotator "TA"]
[PlyCount "74"]
[EventDate "2018.06.23"]
[EventType "tourn"]
[EventCountry "FRA"]
[SourceTitle "playchess.com"]
[Source "ChessBase"]
[SourceQuality "1"]

{[%evp 24,74,17,14,14,23,17,12,25,19,17,16,17,15,20,20,20,7,30,10,4,-9,-10,-15,-13,-14,-5,-2,0,0,0,0,0,-8,-10,-7,0,0,0,0,0,-18,0,0,0,0,0,0,0,0,0,0,0]} 1. e4 e5 2. Nf3 Nc6 3. Bb5 Nf6 4. O-O Nxe4 5. Re1 Nd6 6. Nxe5 Be7 7. Bf1 Nxe5 8. Rxe5 O-O 9. Nc3 {[%cal Bb1c3,Bc3d5,Bd5e3,Be3f5,Bf5e7][%mdl 32] C67: Spanische Partie (Berliner Verteidigung)} (9. d4 Bf6 10. Re1 Nf5 11. d5 d6 12. Nd2 Re8 13. Ne4 Bd7 14. c3 h6 15. Bd3 Nh4 16. g3 Ng6 17. f4 c6 18. Be3 {½-½ (70) Anand,V (2786)-Kramnik,V (2808) Leuven 2017}) 9... Ne8 10. Nd5 Bd6 11. Re1 c6 12. Ne3 Bc7 13. Nf5 {LiveBook: 92 Partien} d5 14. Ne7+ Kh8 {[#] Weiss muss nun ...Le6 beachten.} 15. Nxc8 Rxc8 16. d3 f5 {[#]} 17. Bd2 $146 Nf6 {Droht ...Sg4 und aus.} 18. g3 Qd7 19. Qf3 Ng4 20. Bh3 h5 21. Bf4 Bb6 {Die Stellung ist ausgeglichen.} 22. Bxg4 fxg4 23. Qe2 Rce8 24. Qd2 Bd4 25. c3 Bf6 26. Bg5 Be5 (26... Kh7 {is more complex.} 27. Bxf6 gxf6 28. Rxe8 Rxe8 29. Re1 Kg7) 27. Re2 Bd6 28. Rxe8 Rxe8 29. Re1 Rxe1+ 30. Qxe1 Kh7 31. Qe3 Qf5 32. Be7 Bxe7 33. Qxe7 Qxd3 34. Qxb7 Qd1+ 35. Kg2 Qf3+ 36. Kg1 Qd1+ 37. Kg2 Qf3+ {Precision: Weiß = 69%, Schwarz = 60%.} 1/2-1/2

[Event "Paris GCT 2018-Blitz"]
[Site "Paris"]
[Date "2018.06.24"]
[Round "18"]
[White "Kramnik, Vladimir"]
[Black "Vachier-Lagrave, Maxime"]
[Result "1-0"]
[WhiteElo "2787"]
[BlackElo "2789"]
[Annotator "TA"]
[PlyCount "76"]
[EventDate "2018.06.23"]
[EventType "tourn"]
[EventCountry "FRA"]
[SourceTitle "playchess.com"]
[Source "ChessBase"]
[SourceQuality "1"]

{[%evp 16,76,15,2,13,17,22,20,36,27,45,25,25,49,73,61,62,45,41,43,59,44,74,47,61,60,58,57,67,61,70,75,72,62,64,72,61,17,31,14,163,178,193,200,185,194,283,282,277,265,267,270,393,396,580,572,595,577,577,546,705,705,689]} 1. c4 e5 2. Nc3 Nf6 3. Nf3 Nc6 4. d3 Bb4 5. Bd2 O-O 6. e3 Re8 7. Be2 d5 {A28: English Opening: Four Knights Variation} 8. cxd5 Nxd5 9. O-O {LiveBook: 7 Games} (9. Rc1 Nxc3 10. Bxc3 Bxc3+ 11. Rxc3 Be6 12. a3 a5 13. O-O a4 14. Qc1 Bd5 15. Re1 {½-½ (42) David,A (2563)-Kryvoruchko,Y (2705) Brest 2018}) 9... Nb6 {The position is equal.} 10. a3 Bf8 11. b4 {[%cal Bb2b4,Bb4b5,Bb5b6][%mdl 32]} Bf5 $146 ({Predecessor:} 11... a5 12. b5 Nb8 13. e4 c6 14. Bg5 f6 15. Be3 Be6 {1-0 (25) Lagarde,M (2452)-Crouan,S (2227) Sautron 2011}) 12. Qc2 Qd7 13. Rfd1 Rad8 {[%cal Rf5d3]} 14. Ne4 Nd5 15. b5 Nb8 16. a4 c6 17. Qb2 {Ng3 is the strong threat.} Qc7 18. Rac1 a5 19. Ng3 (19. b6 $5 Qe7 20. Bxa5 $16) 19... Bg4 20. b6 Qe7 21. Bxa5 Nd7 22. h3 Bxf3 23. Bxf3 Ra8 24. Be1 $36 {[%mdl 2048] White has the initiative.} Qa3 $1 {[%cal Ra3b2]} 25. Qxa3 Bxa3 26. Bxd5 (26. Rc2 {keeps more tension.} Rxa4 27. Bxd5 cxd5 28. Rc7 Nxb6 29. Rxb7 Nc8 30. Ra1) 26... Bxc1 ({Much worse is} 26... cxd5 $6 27. Rc7 $16) 27. Bc4 Bxe3 (27... Ba3 $11 28. a5 g6) 28. fxe3 $18 {Strongly threatening a5.} Nxb6 {[#]} 29. a5 $1 {[%cal Ra5b6]} Nxc4 30. dxc4 Red8 (30... Re7 $142 31. Rb1 h6) 31. Rb1 Rd3 32. Kf2 ({Much less strong is} 32. Rxb7 $6 Rxe3 33. Kf2 Ra3 $16) 32... Rd7 33. Ne4 Ra7 (33... c5 {was called for.} 34. Nxc5 Rc7) 34. Nc5 Re7 {[#]} (34... Rc7 $142 35. a6 b5 36. cxb5 cxb5) 35. a6 $1 {[%mdl 512] White is clearly winning.} b5 (35... bxa6 36. Rb8+) 36. cxb5 cxb5 37. Rxb5 {White threatens Rb8+ and mate.} Ra8 38. Rb7 Ree8 {Precision: White = 66%, Black = 39%.} 1-0

[Event "Paris GCT 2018-Blitz"]
[Site "Paris"]
[Date "2018.06.24"]
[Round "18"]
[White "Karjakin, Sergey"]
[Black "Mamedyarov, Shakhriyar"]
[Result "1/2-1/2"]
[WhiteElo "2782"]
[BlackElo "2808"]
[Annotator "TA"]
[PlyCount "49"]
[EventDate "2018.06.23"]
[EventType "tourn"]
[EventCountry "FRA"]
[SourceTitle "playchess.com"]
[Source "ChessBase"]
[SourceQuality "1"]

{[%evp 21,27,8,16,14,12,19,12,9]} 1. e4 c5 2. Nf3 Nf6 3. e5 Nd5 4. Nc3 e6 5. Nxd5 exd5 6. d4 Nc6 7. dxc5 Bxc5 8. Bd3 d6 9. exd6 O-O 10. O-O Qxd6 11. Re1 {B29: Sicilian: 2 Nf3 Nf6 (Nimzowitsch Variation)} h6 {LiveBook: 3 Games. The position is equal.} 12. Be3 (12. h3 Bd7 13. Be3 d4 14. Bd2 Rfe8 15. a3 Qd5 16. b4 Bd6 17. c4 dxc3 18. Rxe8+ Rxe8 19. Bxc3 {½-½ (29) So,W (2792)-Mamedyarov,S (2804) Wijk aan Zee 2018}) 12... Bg4 13. Bxc5 Qxc5 14. h3 {Predecessor:} Bh5 $146 15. Be2 Rfe8 16. c3 Rad8 17. Rc1 Re4 18. Nd2 Rxe2 19. Rxe2 Bxe2 20. Qxe2 d4 21. Nb3 Qg5 22. Rd1 dxc3 23. Rxd8+ Nxd8 24. bxc3 Qd5 25. Qd2 {½-½ (25) Mirabile,T (2262)-Karell,L (2123) Philadelphia 2002} 1/2-1/2

[Event "Paris GCT 2018-Blitz"]
[Site "Paris"]
[Date "2018.06.24"]
[Round "18"]
[White "So, Wesley"]
[Black "Anand, Viswanathan"]
[Result "1/2-1/2"]
[WhiteElo "2778"]
[BlackElo "2759"]
[Annotator "TA"]
[PlyCount "70"]
[EventDate "2018.06.23"]
[EventType "tourn"]
[EventCountry "FRA"]
[SourceTitle "playchess.com"]
[Source "ChessBase"]
[SourceQuality "1"]

{[%evp 31,70,10,6,4,24,24,31,31,31,33,53,14,15,15,15,15,15,15,15,0,15,0,15,7,7,0,0,0,6,6,12,7,5,6,8,6,8,8,8,-8,-8]} 1. Nf3 {Ribli,Z} Nf6 2. c4 c5 3. Nc3 Nc6 4. g3 d5 5. cxd5 Nxd5 6. Bg2 g6 7. O-O Bg7 8. Nxd5 Qxd5 9. d3 O-O 10. Be3 Bd7 11. Nd4 Qd6 12. Nxc6 Bxc6 13. Bxc6 {A38: Englische Eröffnung (Symmetrische Variante)} Qxc6 14. Rc1 Qa6 15. Rxc5 (15. Qb3 b6 16. Rc4 Rfd8 17. Rfc1 Rd7 18. a3 Rad8 19. Qc2 Bd4 20. Bxd4 Rxd4 21. Qc3 {½-½ (21) Tomashevsky,E (2696)-Sutovsky,E (2646) Minsk 2017}) 15... b6 16. Rc2 Qxa2 {LiveBook: 5 Partien} 17. b4 {[%cal Bb2b4,Bb4b5][%mdl 32] [#]} Qa4 $146 (17... Qd5 {is interesting.} 18. Rc4 a5 19. bxa5 Qxa5 20. Qc2 b5) ({Vorgänger:} 17... Qd5 18. Rc4 a5 19. bxa5 Qxa5 20. Qb3 Qa2 21. Qxa2 Rxa2 22. Bxb6 Rxe2 {½-½ (22) Gausel,E (2445)-Hellers,F (2510) Oslo 1992 CBM 030 [Ribli,Z]}) 18. Rc4 Qxd1 19. Rxd1 Rfc8 20. b5 Be5 21. Rd2 Rxc4 {Die Stellung ist ausgeglichen.} 22. dxc4 $11 {[%mdl 4096] Endspiel KTL-KTL} Rc8 23. Rd7 Rc7 24. Rxc7 Bxc7 {KL-KL} 25. Kg2 f5 26. Bd2 Kf7 27. Kf3 Bd6 28. h3 e6 29. e4 Ke7 30. g4 fxg4+ 31. hxg4 h5 32. Bg5+ Kd7 33. Be3 e5 34. Kg3 {Droht gxh5.} Be7 35. f3 h4+ {Precision: Weiß = 44%, Schwarz = 69%.} 1/2-1/2

[Event "Paris GCT 2018-Blitz"]
[Site "Paris"]
[Date "2018.06.24"]
[Round "18"]
[White "Nakamura, Hikaru"]
[Black "Caruana, Fabiano"]
[Result "1-0"]
[WhiteElo "2769"]
[BlackElo "2816"]
[Annotator "TA"]
[PlyCount "243"]
[EventDate "2018.06.23"]
[EventType "tourn"]
[EventCountry "FRA"]
[SourceTitle "playchess.com"]
[Source "ChessBase"]
[SourceQuality "1"]

{[%evp 18,243,32,0,14,-12,-22,-15,-10,-38,-35,-35,-35,-36,-36,-38,-36,-32,-26,-23,-16,-23,-16,-19,-10,-16,-14,-15,-10,-26,-25,-31,-18,-52,-52,-56,-53,-50,-42,-54,-54,-56,-56,-72,-69,-79,-79,-91,-95,-135,-141,-162,-158,-172,-159,-171,-160,-193,-195,-327,-327,-304,-324,-320,-321,-380,-393,-437,-416,-431,-430,-467,-439,-372,-431,-413,-356,-350,-358,-358,-212,-306,-157,-162,-130,-148,-149,-235,-216,-256,-244,-162,-46,-67,-49,-206,-12,-13,-12,-17,-12,-21,-12,-13,-15,-16,0,-39,-74,-225,-47,-206,-200,-199,-191,-193,0,0,0,0,0,0,0,0,0,0,0,0,0,0,0,0,0,0,0,0,0,0,11,0,4,4,12827,12829,12829,12829,12830,12829,1943,130,131,131,123,74,98,53,53,23,23,0,52,0,29,29,122,21,102,68,68,14,14,14,19,19,37,0,6,0,131,131,183,183,453,440,620,608,493,427,510,194,438,345,346,254,441,403,356,183,1406,862,12837,12838,12842,12842,12842,12841,12841,12841,12841,12842,12843,12843,12845,12845,12845,12840,12844,0,0,0,12844,0,12845,12846,12847,12847,12848,12848]} 1. d4 Nf6 2. c4 e6 3. Nf3 d5 4. Nc3 a6 5. cxd5 exd5 6. Bg5 {D37: Queen's Gambit Declined: 5 Bf4} Be6 7. e3 Nbd7 (7... h6 8. Bxf6 Qxf6 9. Qb3 Ra7 10. Bd3 Nd7 11. O-O Bd6 12. Rae1 O-O 13. Bb1 Qd8 {1-0 (40) Matlakov,M (2707)-Nabaty,T (2690) Batumi 2018}) 8. Bd3 Bd6 9. O-O O-O 10. Rc1 {LiveBook: 4 Games} c6 11. Bf4 $146 ({Predecessor:} 11. Qc2 h6 12. Bf4 Qc7 13. Bxd6 Qxd6 {½-½ (69) Teplyi,I (2412)-Hansen,S (2580) Denmark 2017}) 11... Bxf4 12. exf4 Bg4 13. Be2 Bxf3 14. Bxf3 Re8 15. g3 Nb6 16. b3 Qd6 17. Qd3 Re7 18. Rfe1 Rae8 19. Re5 Nbd7 {[%cal Bb6d7,Bd7f8,Bf8e6][%mdl 32]} 20. Rc2 Qb4 21. Rxe7 Rxe7 22. Kg2 Nf8 23. h4 Ne6 24. Ne2 Nc7 25. Qc3 Qxc3 26. Rxc3 Kf8 27. h5 Ne4 28. Rc2 Nd6 29. Kf1 Re8 30. a4 a5 31. Nc1 Ne6 32. Ne2 Ra8 33. Bg4 f5 $1 {[%cal Rf5g4]} 34. Bf3 Ra6 $1 35. Rc3 Rb6 36. Ke1 Rb4 37. Rd3 b5 38. Rc3 (38. axb5 $142 Nxb5 39. Kd2) 38... bxa4 $19 39. bxa4 Nc4 ({Inferior is} 39... Rxa4 40. Rxc6 Ra1+ 41. Kd2 $11) 40. Rc1 Rxa4 41. Nc3 Ra3 42. Be2 Nd6 43. Bd1 Nxd4 44. Ne2 N6b5 45. Nxd4 Nxd4 {[%mdl 4096] Endgame KRB-KRN} 46. Rb1 Nb5 47. Be2 Nd6 48. Rb6 Rc3 (48... Ra1+ $142 49. Bd1 Ne4 50. Rxc6 d4) 49. Ra6 (49. f3 $142) 49... Rc5 (49... Ne4 $1 $19 50. Kf1 d4 51. Rxa5 c5 52. Ra8+ Kf7 53. Ra7+ Kf6 54. Ra6+ Ke7 55. Ra7+ Kd6) 50. f3 Ke7 51. Ra7+ Kf6 52. h6 (52. Bd3 $17) 52... gxh6 53. Bd3 Rc3 54. Kd2 Ra3 (54... d4 $1 $19 55. Rxa5 c5) 55. Ra6 $15 Ra2+ 56. Ke1 $2 (56. Kc3 $15) 56... Rg2 $2 (56... Ke7 $19 {White must now prevent ...Ra3.} 57. Rxc6 a4 58. Rc7+ Ke6 59. Rxh7 a3) 57. Rxc6 $11 Ke7 58. Rc7+ Ke6 59. Rxh7 Nf7 60. Bb5 Rxg3 61. Be8 Nd6 62. Kf2 Rh3 63. Bc6 $2 (63. Kg2 $17 Rh4 64. Kg3) 63... d4 $2 (63... Nc4 $1 $19 64. Bd7+ Kf6) 64. Kg2 $2 (64. Ke2 $15) 64... Rh4 $1 $19 65. Kg3 Rh1 66. Kg2 Ra1 $2 (66... Rc1 $1 $19 {[%cal Rc1c6]} 67. Rxh6+ Ke7 68. Rh7+ Kf8) 67. Rxh6+ $11 Ke7 68. Rh7+ Kf8 {Hoping for ...d3.} 69. Rd7 Nc4 70. Rxd4 Rc1 71. Bb5 Nb6 72. Rd6 Nc4 73. Ra6 Ke7 74. Kf2 Rc2+ 75. Kg3 Ne3 76. Rxa5 {Threatens to win with Bd3.} Rg2+ 77. Kh4 {Bd3 is the strong threat.} Rg1 78. Ra6 Kf7 79. Ra3 Ng2+ $2 {[%mdl 8192]} (79... Nc2 $11 80. Rd3 Ne1) 80. Kg3 $18 Ne1+ 81. Kf2 Rh1 82. Bc4+ Kf6 {[#]} 83. Ra6+ $2 (83. Rc3 $1 $18 {and the rest is easy.} Nc2 84. Kg2) 83... Kg7 $16 84. Ra7+ Kf6 85. Rf7+ Kg6 86. Rc7 {And now Bf1 would win.} Nc2 $1 87. Rc6+ Kg7 88. Rc7+ Kf6 ({Black should play} 88... Kg6 $1 $11) 89. Rc6+ Kg7 $1 90. Rd6 {Strongly threatening Rd7+.} Nb4 (90... Na3 $11 91. Bd3 Rh2+ 92. Kg3 Rd2 93. Rd7+ Kf6 94. Bxf5 Rxd7 95. Bxd7 Nc4) 91. Be6 (91. Rb6 $16 Nc2 92. Bd3) 91... Kf6 (91... Rh6 $11) 92. Bc8+ Ke7 93. Rd7+ ({Better is} 93. Rd4 $14 Nc2 94. Rd5) 93... Kf6 $11 94. Rd4 Rb1 95. Rd6+ Ke7 96. Rh6 Nd3+ 97. Ke3 Nc5 (97... Rb3 $11 {remains equal.}) 98. Bxf5 $16 Rb3+ (98... Re1+ $16 {might work better.} 99. Kd4 Nb3+ 100. Kd3 Rd1+ 101. Ke3 Rc1) 99. Kf2 $18 Kf7 $2 (99... Rb4 {was worth a try.} 100. Kg3 Rd4) 100. Kg3 Rb2 (100... Ke8 $142 101. Rh7 Rb7) 101. Rc6 Rb5 102. Kg4 Ra5 103. Rb6 $2 (103. Be4 Ke7 104. f5) 103... Na4 $2 (103... Ra6 {is a better defense.} 104. Rxa6 Nxa6) 104. Rb7+ Kf6 105. Rb8 Nc3 $2 (105... Nc5 106. Rb6+ Ke7) 106. Rb6+ Ke7 107. Be4 (107. Kg5 $142) 107... Ra1 $2 (107... Nd5 108. Rb7+ Kf6) 108. f5 Rg1+ 109. Kf4 Kf7 110. Ke5 Ra1 111. Rb7+ Kf8 112. Rc7 Ra5+ 113. Kf6 {[%cal Rc7c8]} Ra6+ 114. Kg5 Ne2 115. f6 Ra5+ 116. Kg4 {Intending Bg6 and mate.} Ra6 {[#]} 117. Kf5 $2 (117. Bd3 $1 $18 {[%cal Rd3a6]} Rxf6 118. Bxe2) 117... Ra5+ $11 118. Kg4 $2 {[%mdl 8192]} (118. Ke6 $11 Nd4+ 119. Kd7) 118... Ra6 $1 $18 119. Kg5 Ra5+ 120. Kh6 {White is clearly winning.} Nf4 121. Bg6 $1 {[%cal Rc7c8]} Ra8 122. Rh7 {Precision: White = 39%, Black = 42%.} 1-0

[Event "Paris GCT 2018-Blitz"]
[Site "Paris"]
[Date "2018.06.24"]
[Round "18"]
[White "Grischuk, Alexander"]
[Black "Aronian, Levon"]
[Result "1/2-1/2"]
[WhiteElo "2766"]
[BlackElo "2764"]
[Annotator "TA"]
[PlyCount "46"]
[EventDate "2018.06.23"]
[EventType "tourn"]
[EventCountry "FRA"]
[SourceTitle "playchess.com"]
[Source "ChessBase"]
[SourceQuality "1"]

{[%evp 11,46,21,27,0,0,0,37,31,37,37,15,14,12,10,13,18,27,9,43,42,37,42,50,28,27,27,24,26,24,16,16,16,20,16,35,20,17]} 1. e4 e5 2. Nf3 Nc6 3. Bb5 Nf6 4. d3 Bc5 5. c3 d5 6. exd5 {C65: Ruy Lopez: Berlin Defence (3...Nf6), unusual lines and 4 0-0 Bc5} Qxd5 {[#] LiveBook: 20 Games. aiming for ...Bxf2+!} 7. Qb3 $146 (7. Bc4 $5 {[%cal Rc4d5]} Qd7 8. b4 $11) ({Predecessor:} 7. Bc4 Qd6 8. Nbd2 O-O 9. b4 Bb6 10. O-O Bf5 11. Qc2 Rad8 12. a4 a5 13. b5 {0-1 (53) Caruana,F (2799)-Grischuk,A (2782) Saint Louis 2017}) 7... O-O 8. O-O Qxb3 9. axb3 e4 10. dxe4 Nxe4 11. Bf4 Bb6 12. Nbd2 Nxd2 13. Nxd2 Be6 14. Nc4 Rfd8 (14... a6 $5 {[%cal Ra6b5]} 15. Bxc6 bxc6 $14) 15. Nxb6 cxb6 16. b4 a6 17. Bxc6 bxc6 18. Bc7 $36 {[%mdl 2048] White is more active.} Rd2 19. Bxb6 Rxb2 20. h3 Ra2 21. Rxa2 Bxa2 22. Rd1 Bc4 23. Rd7 Re8 {Precision: White = 50%, Black = 55%.} 1/2-1/2

[Event "Paris GCT 2018-Blitz"]
[Site "Paris"]
[Date "2018.06.24"]
[Round "19"]
[White "Mamedyarov, Shakhriyar"]
[Black "Grischuk, Alexander"]
[Result "1/2-1/2"]
[WhiteElo "2808"]
[BlackElo "2766"]
[Annotator "TA"]
[PlyCount "100"]
[EventDate "2018.06.23"]
[EventType "tourn"]
[EventCountry "FRA"]
[SourceTitle "playchess.com"]
[Source "ChessBase"]
[SourceQuality "1"]

{[%evp 14,100,14,0,28,22,44,40,98,95,101,0,0,0,119,114,133,139,129,144,123,103,198,192,248,170,176,175,186,174,256,185,325,293,402,189,301,300,334,244,531,548,487,301,275,264,359,330,316,328,362,361,356,356,332,296,401,0,0,0,8,0,0,0,401,0,0,0,0,0,0,0,0,0,0,0,0,0,0,0,0,0,0,0,0,0,0,0,0]} 1. d4 Nf6 2. Nf3 g6 3. Bg5 Bg7 4. Nbd2 d5 5. c3 O-O 6. e3 c5 7. dxc5 {D03: 1 d4 d5 2 Nf3 Nf6 3 Bg5, including Torre Attack with early ...d5} (7. Be2 cxd4 8. cxd4 Nc6 9. O-O Qb6 10. Qb3 Qxb3 11. Nxb3 Ne4 12. Bh4 e5 13. Bb5 exd4 14. Nfxd4 Nxd4 15. Nxd4 g5 16. Bg3 Nxg3 17. hxg3 Bxd4 18. exd4 {½-½ (27) Rapport,R (2698)-Grischuk,A (2750) chess.com INT 2017}) 7... Nbd7 8. b4 {LiveBook: 4 Games} a5 9. Nd4 {White has an edge.} h6 10. Bh4 Ne4 $146 (10... axb4 $14 11. cxb4 Ne5) ({Predecessor:} 10... e5 11. Nb5 g5 12. Bg3 Qe7 13. Nd6 Qe6 14. Be2 b6 {0-1 (32) Sergeev,V (2325)-Odeev,H (2315) Moscow 1991}) 11. Nxe4 $16 dxe4 {[#]} 12. Be2 ({White should play} 12. Bg3 $1 $16) 12... Ne5 $11 13. O-O $36 {[%mdl 2048] White has good play.} Nd3 {[#]} (13... axb4 $11 {remains equal.} 14. cxb4 Nd3) 14. a3 $1 $16 ({Much worse is} 14. Bxd3 $6 exd3 15. f4 (15. Qxd3 g5 $15) 15... Bf5 $11) 14... axb4 15. axb4 Rxa1 16. Qxa1 g5 17. Bg3 f5 (17... e5 $16) 18. f3 f4 (18... Qd5 $142 19. Qb1 Qc4) 19. fxe4 fxg3 20. Bxd3 gxh2+ 21. Kxh2 Qc7+ (21... Bf6 $142 22. Kg1 Kg7) 22. Kg1 {Threatens to win with Qa2+.} Qg3 (22... Bf6 $142 23. Qe1 Kg7) 23. Qa2+ $18 e6 24. Rxf8+ (24. Nf5 $142 Rxf5 25. exf5 Qxe3+ 26. Rf2 Qxd3 27. fxe6) 24... Bxf8 (24... Kxf8 $142 25. Qf2+ Qxf2+ 26. Kxf2 h5) 25. Qf2 Qe5 26. Be2 Kg7 $2 (26... Qxe4 27. Qf3 Qxf3 28. Bxf3 (28. Nxf3 Kf7 $16) 28... Kf7) 27. Bh5 {Intending Qf7+ and mate.} Qf6 28. Qxf6+ Kxf6 {[%mdl 4096] Endgame KBB-KBN} 29. Bg4 Ke5 30. Kf2 Be7 31. Ke2 Kxe4 32. Bxe6 Bxe6 33. Nxe6 {KB-KN} h5 34. Nd4 h4 {Now ...g4 and Black clings on.} 35. c6 $2 (35. Nb5 $18) 35... bxc6 $11 36. Nxc6 Bd6 37. Nd4 g4 38. Nb3 Be5 $2 {[%mdl 8192]} (38... h3 $11 {and Black is okay.} 39. Nd2+ Kf5 40. gxh3 gxh3) 39. Nd2+ $2 (39. c4 $18) 39... Kf5 $1 {The position is equal.} 40. b5 {c4 is the strong threat.} Bxc3 41. Nc4 {aiming for b6.} Bf6 42. b6 Bd8 $1 43. b7 Bc7 44. Nd2 Ke5 45. Kd3 Kd5 46. e4+ Kc6 47. Kd4 h3 48. gxh3 gxh3 49. Nf3 Kxb7 50. e5 h2 {Precision: White = 60%, Black = 42%.} 1/2-1/2

[Event "Paris GCT 2018-Blitz"]
[Site "Paris"]
[Date "2018.06.24"]
[Round "19"]
[White "Vachier-Lagrave, Maxime"]
[Black "So, Wesley"]
[Result "0-1"]
[WhiteElo "2789"]
[BlackElo "2778"]
[Annotator "TA"]
[PlyCount "116"]
[EventDate "2018.06.23"]
[EventType "tourn"]
[EventCountry "FRA"]
[SourceTitle "playchess.com"]
[Source "ChessBase"]
[SourceQuality "1"]

{[%evp 21,116,10,11,8,16,12,12,8,16,17,16,14,14,15,15,15,4,5,12,6,8,0,0,-41,-43,-43,-15,-15,-27,-41,-18,-18,-18,-22,-14,0,0,0,0,-56,-54,-73,-54,-63,-62,-109,-59,-55,-43,-73,-73,-73,-73,-73,-73,-74,-64,-141,-141,-141,-141,-132,-123,-130,-118,-139,-149,-391,-393,-408,-408,-372,-363,-321,-150,-1007,-826,-1031,-975,-992,-504,-29978,-29979,-29979,-29979,-29979,-29980,-29980,-29981,-29983,-29984,-29984,-29985,-29985,-29986,-29986,-29987]} 1. e4 e5 2. Nf3 Nc6 3. Bc4 Bc5 4. c3 Nf6 5. d3 O-O 6. O-O d5 7. exd5 Nxd5 8. a4 {C54: Italienische Partie (Hauptvariante)} (8. Re1 Be6 9. Nbd2 Bd6 10. Ne4 h6 11. b4 a6 12. a4 Re8 13. Qb3 Nf6 14. Bxe6 Rxe6 15. Be3 Ne7 16. Rad1 {1-0 (25) Kramnik,V (2800)-Anand,V (2776) Moscow 2018}) 8... a5 9. Re1 Bg4 10. Nbd2 Nb6 11. Bb5 Bd6 {LiveBook: 6 Partien} 12. Ne4 Na7 13. h3 Bh5 14. d4 Nxb5 15. axb5 exd4 16. g4 $146 Bg6 {Und weiter mit ...Lxe4 wäre nett.} 17. Nxd6 Qxd6 18. Qxd4 Qxd4 19. Nxd4 a4 20. Bf4 Rfc8 21. Rad1 Nc4 22. Re2 Re8 23. Bc1 Kf8 24. f4 Rxe2 25. Nxe2 {Droht stark f5.} f6 26. Rd7 Rc8 27. Rd4 Bf7 28. Kf2 Ke8 29. Re4+ Kf8 30. f5 (30. Rd4 $1 $11) 30... Rd8 $15 31. Nd4 Rd5 32. Re2 Re5 33. Rxe5 fxe5 {[%mdl 4096] Endspiel KLS-KLS} (33... Nxe5 {with more complications.} 34. Ke2 Bc4+ 35. Kd1 Bf1 36. h4 Nxg4 37. Bf4 Ne5) 34. Nc2 Be8 35. Ne3 Bxb5 36. Nxc4 Bxc4 $17 {KL-KL} 37. Bg5 {[#]} Ke8 $1 38. Bh4 Kd7 39. f6 (39. Bg5 $15) 39... gxf6 40. Bxf6 Ke6 41. Bd8 c6 42. h4 Bb3 43. Ke3 Bd1 44. g5 $2 {[#]} (44. Kd3 $17 {kämpft weiter.}) 44... Kd5 $1 $19 {[%cal Rd5c4]} 45. Bf6 Bh5 46. Kd3 Bg6+ 47. Ke3 Kc4 (47... b5 $19 {und Schwarz behält klar die Oberhand.} 48. Kd2 e4) 48. Bxe5 $2 (48. Kd2 $17) 48... Kb3 49. c4 Kxc4 50. Kd2 Kb3 51. Kc1 (51. Bd4 $19 c5 52. Bxc5) 51... c5 {[%cal Bc6c5,Bc5c4][%mdl 32] Schwarz setzt Matt.} 52. Bd6 b6 {[%cal Bb7b6,Bb6b5,Bb5b4,Bb4c3][%mdl 32]} 53. Be7 c4 54. Bf6 b5 55. Kd2 b4 56. Be7 c3+ 57. bxc3 bxc3+ 58. Kc1 a3 {Precision: Weiß = 42%, Schwarz = 73%.} 0-1